Networks and systems (Record no. 2116)

MARC details
000 -LEADER
fixed length control field 00622 a2200205 4500
003 - CONTROL NUMBER IDENTIFIER
control field dpl0
005 - DATE AND TIME OF LATEST TRANSACTION
control field 20190423124344.0
008 - FIXED-LENGTH DATA ELEMENTS--GENERAL INFORMATION
fixed length control field 190422b ||||| |||| 00| 0 eng d0
020 ## - INTERNATIONAL STANDARD BOOK NUMBER
International Standard Book Number 8122400027
Terms of availability 260.00
035 ## - SYSTEM CONTROL NUMBER
System control number B-156751,B-156751
037 ## - SOURCE OF ACQUISITION
Source of stock number/acquisition RP-BLI-354 / PANSY-07-08:3 / RP-07-08:ENG
040 ## - CATALOGING SOURCE
Transcribing agency 0
082 14 - DEWEY DECIMAL CLASSIFICATION NUMBER
Classification number 004.65
100 1# - MAIN ENTRY--PERSONAL NAME
Personal name Roy Choudhury, D.
245 1# - TITLE STATEMENT
Title Networks and systems
Statement of responsibility, etc by D. Roy Choudhury
260 ## - PUBLICATION, DISTRIBUTION, ETC. (IMPRINT)
Place of publication, distribution, etc New Delhi
Name of publisher, distributor, etc New Age International
Date of publication, distribution, etc 2005r
300 ## - PHYSICAL DESCRIPTION
Extent xi, 926 p
Dimensions 23 cm (pbk)
500 ## - GENERAL NOTE
General note This is reprint 2005
942 ## - ADDED ENTRY ELEMENTS (KOHA)
Institution code [OBSOLETE] dpl
Koha item type English Books
Call number prefix 004.65 / ROY
Source of classification or shelving scheme Dewey Decimal Classification
Classification part 004.65
Call number suffix ROY
Holdings
Withdrawn status Lost status Source of classification or shelving scheme Damaged status Not for loan Home library Current library Date acquired Total Checkouts Barcode Date last seen Date checked out Uniform Resource Identifier Cost, replacement price Price effective from Koha item type
    Dewey Decimal Classification     Patel Nagar Patel Nagar 23/04/2019 1 B-156751 23/04/2019 14/04/2019 2245 26.00 15/09/2008 English Books

© Delhi Public Library
Hit Counter
free hit counter